000 00719nas a2200229 4500
001 BR0202540
003 BR-BrBNA
005 20231205103000.0
007 ta
008 230509b bl.|||p| |||| 00| 00por d
040 _aBR-BrBNA
_bpor
_cBiblioteca Nacional de Agricultura
041 _a(Pt)
072 _aB50
100 1 _aAlmeida, F.R. de F.
245 1 _aOs bandeirantes que desciam o Tietê em meados do século 16 tinham os rios na conta de obstáculos, não de caminhos
650 _aHIDROVIA
650 _aHISTÓRIA
650 _aAMAZONAS
773 0 _tAgroanalysis (Brazil)
_xISSN 0100-4298
_g(May 2000), v. 20(5) p. 42-43
_wBR0202540
909 _a202311
_bLúcia
_c55
_dLúcia Elande
942 _2AGRIS
_n0
_cANA
999 _c170395
_d170395